BIBLIOTHÈQUE DE LA MAISON DU MEXIQUE

Logo 1 Logo 2

Claros Varones de Castilla (notice nᵒ 11750)

détails MARC
000 -Sello discográfico
campo de control de longitud fija 01040nam a2200349 4500
005 - Identificación de versión
campo de control 20250925141612.0
035 ## - Otros números de control del sistema
Número de control del sistema 3961
099 ## - fechas locales
Tipo de ítem Koha LIBRO
100 ## - Datos de procesamiento general
Datos de procesamiento general 20040924d1942 m y1spay5003 ba
200 1# - Título y mención de responsabilidad
Título propio Claros Varones de Castilla
Designación general del material texto impreso
Primer mención de responsabilidad Fernando del Pulgar
Declaración de responsabilidad subsiguiente edición y notas J. Domínguez Bordona
210 ## - Publicación, distribución, etc.
Lugar de publicación, distribución, etc. Madrid
Nombre del editor, distribuidor, etc. Espasa - Calpe
Fecha de publicación, distribución, etc. 1942
215 ## - Descripción física
Designación de material específico y extensión del ítem XXXII + 164 p
Dimensiones 19 cm
318 ## - Nota de acción
Acción No se presta a domicilio
345 ## - Nota de información de adquisición
Fuente de adquisición/dirección de la suscripción [OBSOLETO] Donación
410 #1 - Series
Título Clásicos Castellanos
Número de volumen 49
606 ## - Término temático usado como materia
Elemento de entrada Nobleza
Subdivisión temática Biografías
Subdivisión cronológica Obras hasta 1800
Subdivisión geográfica España
Número Koha 18411
607 ## - Nombre geográfico utilizado como tema
Elemento de entrada España
Subdivisión temática Historia
Subdivisión cronológica 711-1516
Número Koha 18412
676 ## - Clasificación Decimal Dewey
Número R860 C614 v.49
700 ## - Nombre personal - Responsabilidad primaria
Elemento de entrada Pulgar
Parte del nombre distinta del elemento de entrada Fernando del
Fechas 1436?-1492
Número Koha 18413
702 ## - Nombre personal - Responsabilidad secundaria
Elemento de entrada Domínguez Bordona
Parte del nombre distinta del elemento de entrada Jesús
Fechas 1932-
Número Koha 18414
801 #0 - Fuente de origen
Agencia cm
900 ## -
-- 1/8078
900 ## -
-- 7100419844\240904
942 ## - ELEMENTOS DE ENTRADA SECUNDARIOS (KOHA)
Tipo de ítem Koha Livre

Pas d'exemplaire disponible.